| 000 | 00613nam a2200229Ia 4500 | ||
|---|---|---|---|
| 003 | OSt | ||
| 005 | 20221007080658.0 | ||
| 006 | a|||||r|||| 00| 0 | ||
| 007 | ta | ||
| 008 | 221006b |||||||| |||| 00| 0 eng d | ||
| 024 | _a17,771 | ||
| 037 | _cTextual | ||
| 040 |
_aFLL _cFLL _beng |
||
| 041 |
_2eng _aeng |
||
| 082 | _aY:434:7.&3, L7 | ||
| 100 | _aHaveman Robert H. | ||
| 245 | 0 | _aDecade of federal antipoverty programs | |
| 260 |
_aNew York _bAcademic Press USA _c1977 |
||
| 300 |
_a381p _ccm. |
||
| 942 |
_hY:434:7.&3, L7 _cTEXL _2CC |
||
| 999 |
_c1160520 _d1160520 |
||